000 01034nas a2200349 4500
001 BR0500833
003 BR-BrBNA
005 20231205105207.0
007 ta
008 230509b bl.|||p| |||| 00| 00por d
040 _aBR-BrBNA
_bpor
_cBiblioteca Nacional de Agricultura
041 _a(Pt)
072 _aF04; H20
100 1 _aSantos, G.R. dos
100 1 _aKorndörfer, G.H.
100 1 _aPelúzio, J.M.
100 1 _aDidonet, J.
100 1 _aReis Filho, J.C.D.
100 1 _aCésar, N. de S.
245 1 _aInfluência de fontes de silício sobre a incidência e severidade de doenças e produtividade do arroz irrigado
650 _aARROZ IRRIGADO
650 _aADUBAÇÃO
650 _aSILÍCIO
650 _aBRUSONE
650 _aMANCHA DO GRÃO
650 _aCONTROLE QUÍMICO
650 _aRENDIMENTO
650 _aGOIÁS
773 0 _tBioscience Journal (Brazil)
_xISSN 1516-3725
_g(May-Aug 2003), v. 19(2) p. 65-72
_wBR0500833
909 _a202311
_bLúcia
_c55
_dLúcia Elande
942 _2AGRIS
_n0
_cANA
999 _c181694
_d181694